ŠKODA Simply Closer - Dizajn zážitku
Gespeichert in:
| 1. Verfasser: | |
|---|---|
| Weitere Verfasser: | |
| Format: | Manuskript Buch |
| Sprache: | Slowakisch |
| Veröffentlicht: |
Bratislava
2020
|
| Schlagworte: | |
| Online-Zugang: | http://is.stuba.sk/zp/portal_zp.pl?podrobnosti=153623 |
| Tags: |
Keine Tags, Fügen Sie das erste Tag hinzu!
|
MARC
| LEADER | 00000ntm a22000003a 4500 | ||
|---|---|---|---|
| 001 | stuzp80111 | ||
| 003 | SK-STU | ||
| 005 | 20200812084333.5 | ||
| 007 | ta | ||
| 008 | 150427s2015----xo-----f-mn---000-0-slo-d | ||
| 040 | |a STU |b slo | ||
| 041 | 0 | |a slo | |
| 100 | 1 | |a Turzáková, Lea |u 059190 |4 aut |U FAD Fakulta architektúry |T FA Ústav dizajnu |X 77161 |U A9190 |Y 400 |7 77161 | |
| 242 | 0 | 1 | |a ŠKODA Simply Closer - Experience Design |y eng |
| 245 | 1 | 0 | |a ŠKODA Simply Closer - Dizajn zážitku |
| 260 | |c 2020 |a Bratislava | ||
| 650 | 4 | |a automobilový dizajn |2 slo | |
| 650 | 4 | |a dizajn dopravných prostriedkov |2 slo | |
| 650 | 4 | |a interiérový dizajn |2 slo | |
| 650 | 4 | |a dizajn zážitku |2 slo | |
| 650 | 4 | |a užívateľské rozhranie |2 slo | |
| 650 | 4 | |a dialkové cestovanie |2 slo | |
| 650 | 4 | |a generácia alfa |2 slo | |
| 650 | 4 | |a transport design |2 eng | |
| 650 | 4 | |a interior design |2 eng | |
| 650 | 4 | |a user experience |2 eng | |
| 650 | 4 | |a long distance journey |2 eng | |
| 650 | 4 | |a generation Alpha |2 eng | |
| 650 | 4 | |a automotive design |2 eng | |
| 650 | 4 | |a experience design |2 eng | |
| 700 | 1 | |a Olah, Peter |u 059190 |k Z1 |4 ths |U FAD Fakulta architektúry |T FA Ústav dizajnu |X 5303 |U A9190 |Y 400 |7 A000005303 | |
| 856 | 4 | |u http://is.stuba.sk/zp/portal_zp.pl?podrobnosti=153623 |u https://opac.crzp.sk/?fn=detailBiblioForm&sid=2DE4D0DBB221E90D108BF3BEC259 | |